00426nam a2200157Ia 450000500170000000800410001704000190005804100120007708200130008910000170010224500430011926000380016230000320020065000260023285000100025820230719084454.0131103s9999 xx 000 0 und d aLoreto College aEnglish a994bHUR aHurley,Frank aSydneyb a Camera Study cFrank Hurley aSydneybAngus and Robertsonc1948 a240 p.b illus. (some col.) aAustralia - Geography aLCLIB